Cost model (Record no. 79274)

MARC details
000 -LEADER
fixed length control field 00924cab a22002055a 4500
001 - CONTROL NUMBER
control field L140441
008 - FIXED-LENGTH DATA ELEMENTS--GENERAL INFORMATION
fixed length control field 070924s2007 xxk f 000 0 eng d
035 ## - SYSTEM CONTROL NUMBER
System control number (Sirsi) u140441
041 0# - LANGUAGE CODE
Language code of text/sound track or separate title eng
110 2# - MAIN ENTRY--CORPORATE NAME
Corporate name or jurisdiction name as entry element Davis Langdon Mott Green Wall
9 (RLIN) 4650
245 00 - TITLE STATEMENT
Title Cost model
Remainder of title data centres
260 ## - PUBLICATION, DISTRIBUTION, ETC.
Date of publication, distribution, etc. 2007
490 #0 - SERIES STATEMENT
Series statement Building Services Journal
Volume/sequential designation 29(9) September 2007, 73-76(4)
520 ## - SUMMARY, ETC.
Summary, etc. Outlines the principles of data centre design and examines the implications for the services costs. Looks at key design issues associated with electrical services, mechanical services, fire protection, security, and energy efficiency. The cost model is based on an 8 500m2 two storey co-location development, with all technical space fully fitted out up to and including the PDUs.
590 ## - LOCAL NOTE (RLIN)
Local note KA
651 #4 - SUBJECT ADDED ENTRY--GEOGRAPHIC NAME
Geographic name United Kingdom
Chronological subdivision
690 ## - LOCAL SUBJECT ADDED ENTRY--TOPICAL TERM (OCLC, RLIN)
Topical term or geographic name as entry element BUILT ENVIRONMENT-BUILDING COSTS
690 ## - LOCAL SUBJECT ADDED ENTRY--TOPICAL TERM (OCLC, RLIN)
Topical term or geographic name as entry element Block management
9 (RLIN) 6220
942 ## - ADDED ENTRY ELEMENTS (KOHA)
Suppress in OPAC 0
Holdings
Withdrawn status Lost status Source of classification or shelving scheme Damaged status Not for loan Home library Current library Shelving location Date acquired Total Checkouts Full call number Barcode Date last seen Copy number Price effective from Koha item type
    Dewey Decimal Classification     London London Journal article 24/09/2007   L140441 140441-1001 06/08/2019 1 06/08/2019 Journal article